Retailing management / (Record no. 18031)
[ view plain ]
| 000 -LEADER | |
|---|---|
| fixed length control field | 00930 am a22002777a 4500 |
| 001 - CONTROL NUMBER | |
| control field | 010058282 |
| 005 - DATE AND TIME OF LATEST TRANSACTION | |
| control field | 20140302113822.0 |
| 008 - FIXED-LENGTH DATA ELEMENTS--GENERAL INFORMATION | |
| fixed length control field | 911212s1992 xxkad grb 001 0 eng d |
| 020 ## - INTERNATIONAL STANDARD BOOK NUMBER | |
| International Standard Book Number | 0333482980 (cased) |
| 020 ## - INTERNATIONAL STANDARD BOOK NUMBER | |
| International Standard Book Number | 0333482999 (pbk) |
| 040 ## - CATALOGING SOURCE | |
| Original cataloging agency | Uk |
| Transcribing agency | Uk |
| 043 ## - GEOGRAPHIC AREA CODE | |
| Geographic area code | e-uk--- |
| 082 04 - DEWEY DECIMAL CLASSIFICATION NUMBER | |
| Classification number | 658.8700941 |
| Edition number | 22 |
| Item number | RET |
| 245 00 - TITLE STATEMENT | |
| Title | Retailing management / |
| Statement of responsibility, etc | W. Stewart Howe ... [et al.] |
| 250 ## - EDITION STATEMENT | |
| Edition statement | 1st ed. |
| 260 ## - PUBLICATION, DISTRIBUTION, ETC. (IMPRINT) | |
| Place of publication, distribution, etc | Houndmills, United Kingdom : |
| Name of publisher, distributor, etc | Macmillan Education Ltd., |
| Date of publication, distribution, etc | 1992 |
| Place of manufacture | (Hong Kong, China) |
| 300 ## - PHYSICAL DESCRIPTION | |
| Extent | xviii, 299 p. : |
| Other physical details | chart, tables ; |
| Dimensions | 24 cm. |
| 500 ## - GENERAL NOTE | |
| General note | Index : p. 297-299. |
| 504 ## - BIBLIOGRAPHY, ETC. NOTE | |
| Bibliography, etc | Bibliography : p. 293-296. |
| 504 ## - BIBLIOGRAPHY, ETC. NOTE | |
| Bibliography, etc | Includes bibliographical reference. |
| 650 #0 - SUBJECT ADDED ENTRY--TOPICAL TERM | |
| Topical term or geographic name as entry element | Retail trade |
| Geographic subdivision | Great Britain |
| General subdivision | Management |
| 9 (RLIN) | 35075 |
| 653 ## - INDEX TERM--UNCONTROLLED | |
| Resource For college | BAEPS, Business Administration |
| Arrived date list | February2014 |
| 655 ## - INDEX TERM--GENRE/FORM | |
| Form subdivision | |
| -- | 34232 |
| 700 1# - ADDED ENTRY--PERSONAL NAME | |
| 9 (RLIN) | 35076 |
| Personal name | Howe, W. Stewart |
| Dates associated with a name | 1945- |
| Fuller form of name | (William Stewart), |
| 942 ## - ADDED ENTRY ELEMENTS (KOHA) | |
| Source of classification or shelving scheme | Dewey Decimal Classification |
| Call number prefix | 658.8700941 RET |
| Withdrawn status | Item status | Source of classification or shelving scheme | Damaged status | Not for loan | Vendor | Home library | Current library | Shelving location | Date acquired | Source of acquisition | Total Checkouts | Total Renewals | Full call number | Barcode | Date last seen | Date last borrowed | Koha item type |
|---|---|---|---|---|---|---|---|---|---|---|---|---|---|---|---|---|---|
| Dewey Decimal Classification | Donation-Gift | Central Library | Central Library | First floor | 04/02/2014 | Donation | 2 | 4 | 658.8700941 RET | 000035584 | 15/07/2025 | 20/11/2016 | Book - Borrowing |